महाबिन्दु / (Record no. 157338)
[ view plain ]
| 000 -LEADER | |
|---|---|
| fixed length control field | 01094nam a22002657a 4500 |
| 003 - CONTROL NUMBER IDENTIFIER | |
| control field | dpl |
| 005 - DATE AND TIME OF LATEST TRANSACTION | |
| control field | 20180911122236.0 |
| 008 - FIXED-LENGTH DATA ELEMENTS--GENERAL INFORMATION | |
| fixed length control field | 180911b xxu||||| |||| 00| 0 eng d |
| 010 ## - LIBRARY OF CONGRESS CONTROL NUMBER | |
| LC control number | B-178439 |
| 020 ## - INTERNATIONAL STANDARD BOOK NUMBER | |
| Terms of availability | 250.00 |
| International Standard Book Number | 8187819804 |
| 035 ## - SYSTEM CONTROL NUMBER | |
| System control number | B-178439 |
| 037 ## - SOURCE OF ACQUISITION | |
| Source of stock number/acquisition | BPPD/PUB |
| 040 ## - CATALOGING SOURCE | |
| Original cataloging agency | DPL |
| Language of cataloging | HN |
| Transcribing agency | 0 |
| 082 ## - DEWEY DECIMAL CLASSIFICATION NUMBER | |
| Classification number | उ |
| Item number | पंकज |
| 100 ## - MAIN ENTRY--PERSONAL NAME | |
| Personal name | पंकज प्रसून |
| 9 (RLIN) | 113381 |
| 245 ## - TITLE STATEMENT | |
| Title | महाबिन्दु / |
| Statement of responsibility, etc | पंकज प्रसून |
| 260 ## - PUBLICATION, DISTRIBUTION, ETC. (IMPRINT) | |
| Place of publication, distribution, etc | दिल्ली |
| Name of publisher, distributor, etc | सिप्रा बुक्स |
| Date of publication, distribution, etc | 2005 |
| 270 ## - ADDRESS | |
| Address | बी-31, दूसरा तल्ला आनंद काम्प्लेक्स, लक्ष्मी नगर |
| City | दिल्ली |
| Postal code | 110092 |
| 300 ## - PHYSICAL DESCRIPTION | |
| Extent | 176पृ. |
| Dimensions | 23सेमी (सजिल्द) |
| 650 ## - SUBJECT ADDED ENTRY--TOPICAL TERM | |
| Topical term or geographic name as entry element | आतंकवाद -- खौफनांक दुनिया |
| 9 (RLIN) | 6610 |
| 650 ## - SUBJECT ADDED ENTRY--TOPICAL TERM | |
| Topical term or geographic name as entry element | आंतकी संगठन -- भारत |
| 9 (RLIN) | 43622 |
| 650 ## - SUBJECT ADDED ENTRY--TOPICAL TERM | |
| Topical term or geographic name as entry element | Terrorism -- Kufnak World |
| 9 (RLIN) | 113382 |
| 650 ## - SUBJECT ADDED ENTRY--TOPICAL TERM | |
| Topical term or geographic name as entry element | Terrorist organization -- India |
| 9 (RLIN) | 92108 |
| 942 ## - ADDED ENTRY ELEMENTS (KOHA) | |
| Source of classification or shelving scheme | Dewey Decimal Classification |
| Koha item type | Hindi Books |
| Classification part | उ |
| Call number suffix | पंकज |
| Withdrawn status | Lost status | Source of classification or shelving scheme | Damaged status | Not for loan | Collection code | Home library | Current library | Date acquired | Source of acquisition | Cost, normal purchase price | Total Checkouts | Full call number | Barcode | Date last seen | Date checked out | Cost, replacement price | Price effective from | Koha item type |
|---|---|---|---|---|---|---|---|---|---|---|---|---|---|---|---|---|---|---|
| Dewey Decimal Classification | Fiction | Sarojini Nagar | Sarojini Nagar | 14/10/2021 | उ पंकज | B-178426 | 14/10/2021 | 250.00 | 14/10/2021 | Hindi Books | ||||||||
| Dewey Decimal Classification | Fiction | Shahdara Branch | Shahdara Branch | 11/09/2018 | BPPD/PUB | 250.00 | 3 | उ पंकज | B-178439 | 26/05/2026 | 16/05/2026 | 250.00 | 11/09/2018 | Hindi Books |
